000 02368nam0a2200397 4500
001 RU\NLR\bibl\1355443
005 20260405053839.0
010 _a5-88060-171-4
_bв пер.
_96000
021 _aRU
_b2009-11400
_9673
035 _a(nilc)RSL-KNO-004251038
035 _a(NLR Aleph) 001347646
090 _a900514
_c900514
100 _a20090302d2008 |||y0rusy50 ca
101 0 _arus
102 _aRU
105 _aa |||||||||
200 1 _a"Золотой век" сказаний о чудотворных иконах
_fВалерий Лепахин
210 _aМосква
_cПаломник
_d2008
215 _a315, [3] с., [5] л. цв. ил.
_cил.
_d20
320 _aБиблиогр. в конце кн.
606 1 _aИконы чудотворные
_92117954
_3RU\NLR\auth\661279275
610 0 _aФилологические науки. Художественная литература -- Византия -- Византийская литература -- 5 - 15 вв. -- История литературы. Идейно-художественные особенности литературы -- Образы, темы, сюжеты
610 0 _aФилологические науки. Художественная литература -- Россия -- Русская литература -- Древнерусская литература (10-17 вв.) -- История литературы. Идейно-художественные особенности литературы -- Образы, темы, сюжеты
610 0 _aРелигия -- Христианство -- Православие -- Русская православная церковь -- Религиозный культ -- Культ отдельных объектов поклонения -- Культ священных изображений и предметов -- Иконы
686 _aШ5(0)421-34,0
_2rubbk
686 _aШ5(2=Р)3-34,0
_2rubbk
686 _aЭ372.24-575.1,0
_2rubbk
686 _aЭ37-575.1
700 1 _4070
_8rus
_7ca
_aЛепахин
_bВ.В.
_f1945-
_gВалерий Владимирович
_3RU\NLR\auth\7717662
_9748
801 0 _aRU
_bРКП
_c20090302
_grcr
801 1 _aRU
_bРГБ
_c20090302
801 2 _aRU
_bNLR
_c20090410
_grcr
942 _cBOOK
980 _aNB